| 000 | 00738nam a2200229 i 4500 | ||
|---|---|---|---|
| 001 | 181307 | ||
| 003 | ES-MaACL | ||
| 005 | 20240104063014.0 | ||
| 008 | 121207s2011 sp | |||||||| | spa d | ||
| 020 | _a978-84-96932-69-2 | ||
| 080 | _a821.134.2-14"19" | ||
| 100 | 0 |
_aLostalé, Javier, _d1942- _974285 |
|
| 245 | 1 | 0 |
_aRosa y tormenta / _cJavier Lostalé. |
| 260 |
_aPalencia : _bCálamo, _cD.L. 2011. |
||
| 300 |
_a164 p. ; _c21 cm. |
||
| 490 | 1 |
_aCálamo poesía ; _v10 |
|
| 830 | 0 |
_aCálamo poesía ; _v10 _9191430 |
|
| 852 |
_aES-MaACL _jA-12355 _9188191 _bR.148580 _cDEPO1 _dOlim: N-5360 _xDonación: Miguel Losada |
||
| 903 |
_aLosada, Miguel _ednr _974261 |
||
| 942 |
_2udc _cMONOGRAFIA |
||
| 999 |
_c181307 _d181307 |
||